ミリオン達成ボカロ曲 - Statistics

General Stats
  • This quiz has been taken 272 times
    270 since last reset
  • The average score is 133 of 908
Answer Stats
曲名 P名 ボカロ名 投稿日 YouTube達成状況 % Correct
千本桜 黒うさP 初音ミク 2011/9/17
74%
メルト ryo 初音ミク 2007/12/7 投稿なし
70%
初音ミクの消失 -DEAD END- cosMo(暴走P) 初音ミク 2008/4/8 ○*3
67%
砂の惑星 ハチ 初音ミク 2017/7/21
60%
ドーナツホール ハチ Megpoid 2013/10/28
59%
マトリョシカ ハチ 初音ミク、Megpoid 2010/8/19
58%
ヴァンパイア DECO*27 初音ミク 2021/3/9
57%
ロキ みきとP 鏡音リン、みきとP 2018/2/27
55%
ヒバナ DECO*27 初音ミク 2017/8/4
54%
シャルル バルーン v flower 2016/10/12
53%
神っぽいな ピノキオピー 初音ミク 2021/9/17
53%
みくみくにしてあげる♪ ika 初音ミク 2007/9/20 ×*1
51%
脳漿炸裂ガール れるりり 初音ミク、Megpoid 2012/10/19
51%
アスノヨゾラ哨戒班 Orangestar IA 2014/8/19
51%
KING Kanaria Megpoid 2020/8/2
50%
Q ぽわぽわP 鏡音リン 2013/1/23
50%
ローリンガール wowaka 初音ミク 2010/2/14
49%
パンダヒーロー ハチ Megpoid 2011/1/23
49%
カゲロウデイズ 自然の敵P 初音ミク 2011/9/30
49%
ベノム かいりきベア v flower 2018/8/2
49%
きゅうくらりん いよわ 可不(CeVIO) 2021/8/29
49%
天ノ弱 164 Megpoid 2011/5/28
48%
恋愛裁判 40㍍P 初音ミク 2014/6/10
47%
ゴーストルール DECO*27 初音ミク 2016/1/8
47%
エイリアンエイリアン ナユタン星人 初音ミク 2016/4/5
47%
少女レイ みきとP 初音ミク 2018/7/18
46%
ダブルラリアット アゴアニキP 巡音ルカ 2009/2/5
45%
六兆年と一夜物語 kemu IA 2012/4/11
45%
グッバイ宣言 Chinozo v flower 2020/4/13
45%
初音ミクの激唱(LONG VERSION) cosMo(暴走P) 初音ミク 2010/7/9 ○*17
45%
悪ノ召使 悪ノP 鏡音レン 2008/4/29 ×
44%
深海 Riei 初音ミク 2023/4/7 ×
44%
ロミオとシンデレラ doriko 初音ミク 2009/4/6
43%
悪ノ娘 悪ノP 鏡音リン 2008/4/6 ×
43%
裏表ラバーズ wowaka 初音ミク 2009/8/30
43%
ワールズエンド・ダンスホール wowaka 初音ミク、巡音ルカ 2010/5/18
43%
深海少女 ゆうゆ 初音ミク 2010/9/1
43%
ロストワンの号哭 Neru 鏡音リン 2013/3/4
43%
ブリキノダンス 日向電工 初音ミク 2013/3/10 ○*30
42%
ルカルカ★ナイトフィーバー samfree 巡音ルカ 2009/2/12 投稿なし
41%
ウミユリ海底譚 ナブナ 初音ミク 2014/2/24
41%
フォニイ ツミキ 可不(CeVIO) 2021/6/5
41%
ロウワー ぬゆり v flower 2021/11/11
41%
ロウワー(セカイver.) ぬゆり MEIKO、暁山瑞希(CV.佐藤日向)、宵崎奏(CV.楠木ともり)、朝比奈まふゆ(CV.田辺留依)、東雲絵名(CV.鈴木みのり) 2022/8/24
41%
炉心融解(オリジナル版) iroha 鏡音リン 2008/12/20 投稿なし
40%
炉心融解(再投稿版) iroha 鏡音リン 2009/8/30
40%
右肩の蝶(鏡音リン版) のりP 鏡音リン 2009/4/1 ×
40%
右肩の蝶(鏡音レン版) のりP 鏡音レン 2009/5/3 ×
40%
おちゃめ機能 ゴジマジP 重音テト(UTAU) 2010/4/1 投稿なし
40%
ハッピーシンセサイザ Easy Pop 巡音ルカ、Megpoid 2010/11/22
40%
ダンスロボットダンス ナユタン星人 初音ミク 2016/12/6
40%
劣等上等 ギガP 鏡音リン、鏡音レン 2018/7/13
40%
乙女解剖 DECO*27 初音ミク 2019/1/18
40%
テレキャスタービーボーイ すりぃ 鏡音レン 2019/4/13
40%
バグ かいりきベア 初音ミク 2022/6/25
40%
オーバーライド 吉田夜世 重音テト(Synthesizer V) 2023/11/29
40%
テレキャスタービーボーイ(long ver.) すりぃ 鏡音レン 2020/9/12
40%
QUEEN Kanaria Megpoid 2022/8/6
40%
結ンデ開イテ羅刹ト骸 ハチ 初音ミク 2009/7/6
39%
モザイクロール DECO*27 Megpoid 2010/7/15
39%
サマータイムレコード 自然の敵P IA 2013/9/2
39%
エゴロック すりぃ 鏡音レン 2018/9/7
39%
メズマライザー サツキ 初音ミク、重音テト(Synthesizer V) 2024/4/27
39%
エゴロック(long ver.) すりぃ 鏡音レン 2021/9/7
39%
ワールドイズマイン ryo 初音ミク 2008/5/31 投稿なし
38%
弱虫モンブラン DECO*27 Megpoid 2010/4/15
38%
からくりピエロ 40㍍P 初音ミク 2011/7/15
38%
チルドレンレコード 自然の敵P IA 2012/7/21
38%
愛して愛して愛して きくお 初音ミク 2015/3/6
38%
強風オールバック ゆこぴ 歌愛ユキ 2023/3/15
38%
人マニア 原口沙輔 重音テト(UTAU) 2023/8/6
38%
脱法ロック Neru 鏡音レン 2016/6/19
37%
ドラマツルギー Eve 初音ミク 2017/10/10 投稿なし*38
37%
ダーリン MARETU 初音ミク 2017/9/29
37%
愛言葉 DECO*27 初音ミク 2009/7/21 ×*19
36%
ヴィラン てにをは v flower 2020/2/7
36%
ラグトレイン 稲葉曇 歌愛ユキ 2020/7/16
36%
ラヴィ すりぃ 鏡音レン 2022/10/29
36%
少女A ぽわぽわP 鏡音リン 2013/10/17
36%
いーあるふぁんくらぶ みきとP Megpoid、鏡音リン 2012/8/15
35%
アンノウン・マザーグース wowaka 初音ミク 2017/8/22
35%
Blessing halyosy 初音ミク、鏡音レン、鏡音リン、 2014/4/11
35%
DAYBREAK FRONTLINE Orangestar IA 2016/12/3
35%
パラジクロロベンゼン オワタP 鏡音レン 2009/9/19
34%
惑星ループ ナユタン星人 初音ミク 2016/10/26
34%
酔いどれ知らず Kanaria Megpoid 2022/5/2
34%
ラビットホール DECO*27 初音ミク 2023/5/19
34%
イガク 原口沙輔 重音テト(UTAU) 2024/2/23
34%
Calc. ジミーサムP 初音ミク 2010/9/9 投稿なし
34%
ECHO CRUSHER-P Megpoid 2014/10/8
34%
アンハッピーリフレイン wowaka 初音ミク 2011/5/2
33%
聖槍爆裂ボーイ れるりり×もじゃ 鏡音レン 2013/8/29
33%
トンデモワンダーズ ささくれP 初音ミク、KAITO 2021/6/19
33%
トンデモワンダーズ(セカイver.2DMV) ささくれP KAITO、天馬司(CV.廣瀬大介)、鳳えむ(CV.木野日菜)、草薙寧々(CV.Machico)、神代類(CV.土岐隼一) 2022/10/31
33%
ブラック★ロックシューター ryo 初音ミク 2008/6/13 投稿なし
32%
セツナトリップ Last Note. Megpoid 2012/5/3 ○*15
32%
独りんぼエンヴィー 電ポルP 初音ミク 2012/11/29
32%
威風堂々 梅とら 巡音ルカ、初音ミク、Megpoid、 2012/10/29
32%
妄想感傷代償連盟 DECO*27、emon(Tes.) 初音ミク 2016/11/18
32%
テオ Omoi 初音ミク 2017/7/8
32%
ビターチョコデコレーション syudou 初音ミク 2019/1/4
32%
エンヴィーベイビー Kanaria Megpoid 2021/2/13
32%
転生林檎 ピノキオピー 初音ミク 2022/6/3
32%
東京テディベア Neru 鏡音リン 2011/8/14
31%
チュルリラ・チュルリラ・ダッダッダ! くらげP 結月ゆかり 2016/2/22
31%
命に嫌われている。 カンザキイオリ 初音ミク 2017/8/6
31%
帝国少女 R Sound Design 初音ミク 2017/3/9
31%
キュートなカノジョ syudou 可不(CeVIO) 2021/2/20
31%
メランコリック Junky 鏡音リン 2010/4/19
30%
人生リセットボタン kemu Megpoid 2011/11/7
30%
腐れ外道とチョコレゐト ピノキオピー 初音ミク 2011/1/10
30%
地球最後の告白を kemu Megpoid 2012/6/26
30%
すろぉもぉしょん ピノキオピー 初音ミク 2014/5/27
30%
ナンセンス文学 Eve 初音ミク 2017/5/19 投稿なし*35
30%
快晴 Orangestar IA 2017/8/31
30%
ルマ かいりきベア 初音ミク 2019/11/23
30%
ダーリンダンス かいりきベア 初音ミク 2020/8/30
30%
アニマル DECO*27 初音ミク 2021/12/16
30%
リンちゃんなう! オワタP 初音ミク、巡音ルカ、鏡音リン 2011/12/27
29%
夜咄ディセイブ 自然の敵P IA 2013/2/17
29%
ツギハギスタッカート とあ 初音ミク 2014/6/12
29%
太陽系デスコ ナユタン星人 初音ミク 2017/1/20
29%
雨とペトラ バルーン v flower 2017/3/9
29%
神のまにまに れるりり 初音ミク、鏡音リン、Megpoid 2014/2/7
29%
フラジール ぬゆり Megpoid 2016/9/10
29%
失敗作少女 かいりきベア 初音ミク 2015/8/8
29%
マーシャル・マキシマイザー 柊マグネタイト 可不(CeVIO) 2021/8/21
29%
ロストアンブレラ 稲葉曇 歌愛ユキ 2018/2/27
29%
熱異常 いよわ 足立レイ(UTAU)、初音ミク 2022/10/8
29%
39 ささくれP、DECO*27 初音ミク 2012/7/27
29%
匿名M ピノキオピー 初音ミク、ARuFa 2023/2/17
29%
失敗作少女(MARETU版) かいりきベア、MARETU 初音ミク 2019/8/9
29%
アイロニ すこっぷ 初音ミク 2012/5/24
28%
シンデレラ DECO*27 初音ミク 2021/8/6
28%
のだ(本人投稿版) 大漠波新 ずんだもん(NEUTRINO)、初音ミク、重音テト(Synthesizer V) 2023/11/6
28%
桜ノ雨 halyosy 初音ミク 2008/2/23 ×
27%
初音ミクの暴走 cosMo(暴走P) 初音ミク 2007/10/22 投稿なし
27%
アンチクロロベンゼン オワタP 鏡音リン 2010/9/19
27%
インビジブル kemu Megpoid、鏡音リン 2011/12/20
27%
如月アテンション 自然の敵P IA 2012/5/27
27%
夜明けと蛍 ナブナ 初音ミク 2014/11/11
27%
だれかの心臓になれたなら ユリイ・カノン Megpoid 2018/2/12
27%
魔法少女とチョコレゐト ピノキオピー 初音ミク 2022/2/25
27%
初音ミクの暴走(LONG VERSION) cosMo(暴走P) 初音ミク 2010/4/14 投稿なし
27%
magnet 流星P 初音ミク、巡音ルカ 2009/5/1 投稿なし
27%
*ハロー、プラネット。 ささくれP 初音ミク 2009/5/24
26%
ぽっぴっぽー(初音ミク版) ラマーズP 初音ミク 2008/12/11 ○*7
26%
タイムマシン 164、40㍍P 初音ミク 2010/9/13
26%
ロスタイムメモリー 自然の敵P IA 2013/3/30
26%
気まぐれメルシィ 八王子P 初音ミク 2016/6/3
26%
うみなおし MARETU 初音ミク 2017/8/25
26%
春嵐 john 初音ミク 2019/12/7
26%
デビルじゃないもん DECO*27、ピノキオピー 初音ミク 2023/1/13
26%
ミラクルペイント OSTER project 初音ミク 2007/11/22 ×
25%
十面相 YM Megpoid 2011/1/14 ×*13
25%
アルカリレットウセイ かいりきベア 初音ミク 2016/11/25
25%
フィクサー ぬゆり v flower 2017/3/22
25%
1000年生きてる いよわ 初音ミク 2020/12/11
25%
Bad ∞ End ∞ Night ひとしずくP×やま△ 初音ミク、鏡音リン、鏡音レン 2012/1/15
25%
卑怯戦隊うろたんだー シンP KAITO、MEIKO、初音ミク 2007/11/28 投稿なし
24%
カンタレラ 黒うさP KAITO、初音ミク 2008/2/21 ○*6
24%
くるみ☆ぽんちお まだ仔 初音ミク 2009/11/2 投稿なし
24%
リモコン じーざすP 鏡音リン、鏡音レン 2011/2/16
24%
シリョクケンサ 40㍍P Megpoid 2011/8/6
24%
ビバハピ Mitchie M 初音ミク 2013/7/26
24%
妄想税 DECO*27 初音ミク 2013/9/7
24%
拝啓ドッペルゲンガー kemu Megpoid 2017/5/31
24%
命ばっかり ぬゆり v flower、結月ゆかり 2017/8/4
24%
キャットラビング 香椎モイミ 可不(CeVIO) 2021/7/17
24%
アイデンティティ Kanaria 初音ミク、Megpoid 2022/1/9
24%
ザムザ てにをは 初音ミク 2023/4/7
24%
生きる 水野あつ 可不(CeVIO) 2021/7/22
24%
ザムザ(セカイver.ゲームサイズ) てにをは KAITO、宵崎奏(CV.楠木ともり)、朝比奈まふゆ(CV.田辺留依)、東雲絵名(CV.鈴木みのり)、暁山瑞希(CV.佐藤日向) 2023/3/28
24%
恋は戦争 ryo 初音ミク 2008/2/22 投稿なし
23%
ココロ トラボルタP 鏡音リン 2008/3/3 ×*5
23%
彗星ハネムーン ナユタン星人 初音ミク 2017/4/6
23%
ちがう!!! サイゼP 初音ミク、音街ウナ 2016/11/17
23%
アンヘル かいりきベア 鳴花ミコト 2019/3/30 投稿なし
23%
ボッカデラベリタ 柊キライ v flower 2020/4/26
23%
ラストリゾート Ayase 初音ミク 2019/4/30
23%
幽霊東京 Ayase 初音ミク 2019/12/3
23%
シネマ Ayase 初音ミク 2021/5/8
23%
ジェヘナ wotaku 初音ミク 2019/8/9
23%
悪魔の踊り方 こんにちは谷田さん 鏡音リン 2018/4/27
23%
サラマンダー DECO*27 初音ミク 2022/1/7
23%
抜錨 ナナホシ管弦楽団 巡音ルカ 2018/6/13
23%
∞まわる∞ サイゼP 初音ミク、音街ウナ 2017/9/23
23%
Alice in 冷凍庫 Orangestar IA 2016/2/17
23%
サンドリヨン(Cendrillon) シグナルP 初音ミク、KAITO 2008/8/25 ×
23%
Just Be Friends Dixie Flatline 巡音ルカ 2009/7/4 ○*4
23%
え?あぁ、そう。 蝶々P 初音ミク 2010/3/22 ○*9
22%
虎視眈々 梅とら 巡音ルカ、初音ミク、Megpoid、 2013/10/24
22%
コインロッカーベイビー MARETU 初音ミク 2013/2/2
22%
ド屑 なきそ 歌愛ユキ 2022/3/5
22%
シャンティ wotaku KAITO 2021/9/17
22%
一千光年 いよわ 初音ミク、v flower、歌愛ユキ、Megpoid、VY1、足立レイ(UTAU)、可不、星界、裏命(以上CeVIO)、花隈千冬、SOLARIA(以上Synthesizer V) 2023/3/19
22%
FREELY TOMORROW Mitchie M 初音ミク 2011/7/31
22%
サイハテ 小林オニキス 初音ミク 2008/1/16 投稿なし
21%
ダンシング☆サムライ カニミソP がくっぽいど 2008/7/31 ×
21%
悪食娘コンチータ 悪ノP MEIKO 2009/3/4
21%
ネトゲ廃人シュプレヒコール さつき が てんこもり 初音ミク 2010/10/15
21%
白い雪のプリンセスは のぼる↑ 初音ミク 2010/2/22
21%
カミサマネジマキ kemu Megpoid 2012/8/2
21%
アヤノの幸福理論 自然の敵P IA 2013/4/22
21%
吉原ラメント 亜沙 重音テト(UTAU) 2012/7/20
21%
透明エレジー ナブナ Megpoid 2013/2/19
21%
厨病激発ボーイ れるりり 鏡音レン 2015/1/2
21%
キミノヨゾラ哨戒班 Orangestar、鈴木秋則 IA 2015/8/19
21%
ロケットサイダー ナユタン星人 初音ミク 2015/8/4
21%
アウトサイダー Eve 初音ミク 2018/4/6 投稿なし*41
21%
アンドロイドガール DECO*27 初音ミク 2019/5/3
21%
ライアーダンサー マサラダ 重音テト(Synthesizer V) 2023/6/15
21%
ぼくらの16bit戦争 ささくれP Megpoid 2009/7/12
21%
1925 とみー 初音ミク 2009/10/5 ×
21%
トルコ行進曲 - オワタ\(^o^)/ オワタP 初音ミク 2008/4/12
21%
ハジメテノオト malo 初音ミク 2007/10/14 ×*2
20%
鏡音レンの暴走 cosMo(暴走P) 鏡音レン、初音ミク、鏡音リン 2008/9/29 投稿なし
20%
二息歩行 DECO*27 初音ミク 2009/8/28
20%
リンネ ハチ 初音ミク 2010/7/21
20%
こちら、幸福安心委員会です。 うたたP 初音ミク 2012/6/15
20%
天樂 ゆうゆ 鏡音リン 2009/8/12 ×
20%
アウターサイエンス 自然の敵P IA 2013/8/31
20%
エンヴィキャットウォーク トーマ 初音ミク 2011/10/22 投稿なし
20%
ハウトゥー世界征服 Neru 鏡音リン、鏡音レン 2013/3/9
20%
敗北の少年 kemu Megpoid 2013/5/6
20%
ヒビカセ ギガP 初音ミク 2014/9/24
20%
メリュー ナブナ 初音ミク 2015/5/12
20%
脳内革命ガール MARETU 初音ミク 2013/9/20
20%
すきなことだけでいいです ピノキオピー 初音ミク 2016/5/1
20%
金曜日のおはよう 使徒(HoneyWorks) Megpoid 2014/7/2
20%
いかないで 想太 歌愛ユキ 2013/10/9
20%
高音厨音域テスト 木村わいP 初音ミク 2013/8/21
20%
だんだん早くなる 40㍍P 初音ミク 2015/2/25
20%
グリーンライツ・セレナーデ Omoi 初音ミク 2018/7/6
20%
おどりゃんせ ユリイ・カノン 初音ミク、Megpoid 2016/10/26
20%
愛言葉Ⅲ DECO*27 初音ミク 2018/10/8
20%
ポジティブ☆ダンスタイム キノシタ 音街ウナ、鏡音リン 2017/10/12
20%
プロトディスコ ぬゆり v flower 2017/11/8
20%
ラヴィット ピノキオピー 初音ミク 2020/10/16
20%
混沌ブギ jon 初音ミク 2023/8/30
20%
金曜日のおはよう-another story- ゴム(HoneyWorks) 初音ミク 2014/9/26
20%
Henceforth Orangestar IA 2020/5/21
20%
ギガンティックO.T.N ギガP 鏡音レン 2012/12/8
20%
Surges Orangestar IA、初音ミク 2021/8/23
20%
WAVE niki Lily 2012/9/22
20%
鎖の少女 のぼる↑ 初音ミク 2009/10/26
19%
コノハの世界事情 自然の敵P 初音ミク、IA 2012/3/30
19%
再教育 Neru 鏡音リン、鏡音レン 2012/9/2
19%
おこちゃま戦争 ギガP 鏡音リン、鏡音レン 2013/11/29
19%
告白ライバル宣言 使徒(HoneyWorks) Megpoid 2014/2/14
19%
メルティランドナイトメア はるまきごはん 初音ミク 2018/2/16
19%
ニア 夏代孝明 初音ミク 2017/6/29 投稿なし*48
19%
39みゅーじっく! みきとP 初音ミク 2016/6/29
19%
初めての恋が終わる時 ryo 初音ミク 2008/12/12 投稿なし
18%
ヘッドフォンアクター 自然の敵P IA 2011/12/15
18%
ハロ/ハワユ ほえほえP 初音ミク 2010/7/20
18%
サイバーサンダーサイダー EZFG VY1 2011/8/28 ×
18%
嗚呼、素晴らしきニャン生 Nem Megpoid、鏡音レン 2011/7/11
18%
オツキミリサイタル 自然の敵P IA 2013/7/2 ×*21
18%
バビロン トーマ 初音ミク 2011/5/2 投稿なし
18%
ドレミファロンド 40㍍P 初音ミク 2012/1/17
18%
オレンジ トーマ 初音ミク 2012/12/20 投稿なし
18%
ヤンキーボーイ・ヤンキーガール トーマ Megpoid 2013/3/5 投稿なし
18%
バレリーコ みきとP Megpoid 2014/7/28
18%
ホワイトハッピー MARETU 初音ミク 2017/6/30
18%
お気に召すまま Eve 初音ミク 2017/11/28 投稿なし*43
18%
スーサイドパレヱド ユリイ・カノン Megpoid 2017/7/18
18%
右に曲ガール はるふり 重音テト(UTAU) 2015/1/4
18%
回る空うさぎ Orangestar 初音ミク 2016/11/14
18%
あの夏が飽和する。 カンザキイオリ 鏡音レン、鏡音リン 2018/8/12
18%
ぼかろころしあむ DIVELA 鏡音リン 2018/8/5
18%
踊れオーケストラ YASUHIRO(康寛) IA 2016/4/23
18%
ジャンキーナイトタウンオーケストラ すりぃ 鏡音レン 2019/12/20
18%
ノンブレス・オブリージュ ピノキオピー 初音ミク 2021/6/2
18%
スーパーヒーロー Guiano IA 2018/4/14
18%
ごめんね ごめんね きくお 初音ミク 2011/10/29
18%
Fire◎Flower halyosy 鏡音レン 2008/8/2
18%
from Y to Y ジミーサムP 初音ミク 2009/3/24 投稿なし
18%
potatoになっていく Neru 鏡音リン、鏡音レン 2020/3/30
18%
千年の独奏歌 yanagiP KAITO 2008/4/27 投稿なし
17%
星屑ユートピア otetsu 巡音ルカ 2009/1/30 ×
17%
トリノコシティ 40㍍P 初音ミク 2010/7/29
17%
クワガタにチョップしたらタイムスリップした 家の裏でマンボウが死んでるP Megpoid 2011/7/11
17%
夕景イエスタデイ 自然の敵P IA 2013/8/4
17%
人造エネミー 自然の敵P 初音ミク 2011/2/17 ×*23
17%
一触即発☆禅ガール れるりり 初音ミク、Megpoid 2013/7/12
17%
幸せになれる隠しコマンドがあるらしい うたたP 結月ゆかり 2013/7/1
17%
愛言葉Ⅱ DECO*27 初音ミク 2013/10/8
17%
空想フォレスト 自然の敵P IA 2012/5/19
17%
金星のダンス ナユタン星人 初音ミク 2018/7/6
17%
ぼうけんのしょがきえました! じーざすP 鏡音リン、鏡音レン 2014/11/14
17%
ガランド ピコン 初音ミク 2018/5/11
17%
まにまに r-906 初音ミク 2022/4/23
17%
三日月ステップ r-906 初音ミク 2020/3/26
17%
flos R Sound Design 初音ミク 2018/3/8
17%
Hand in Hand kz 初音ミク 2015/7/8
17%
ヴェノマニア公の狂気 悪ノP がくっぽいど 2010/7/26
16%
番凩 仕事してP MEIKO、KAITO 2008/10/1 ×*22
16%
ありふれたせかいせいふく ピノキオピー 初音ミク 2012/6/18
16%
しんでしまうとはなさけない! じーざすP 鏡音リン、鏡音レン 2013/3/14
16%
自傷無色 ねこぼーろ 初音ミク 2013/1/20 投稿なし*32
16%
キライ・キライ・ジガヒダイ! くらげP 音街ウナ 2016/7/25
16%
ドクハク MARETU 初音ミク 2016/12/27
16%
夜もすがら君想ふ 西沢さんP Megpoid 2014/3/27
16%
おじゃま虫 DECO*27 初音ミク 2014/2/14
16%
マインドブランド MARETU 初音ミク 2015/5/29
16%
阿吽のビーツ 羽生まゐご v flower 2017/8/19
16%
パメラ バルーン v flower 2021/10/15
16%
限りなく灰色へ すりぃ 鏡音レン 2021/2/26
16%
カレシのジュード syudou 初音ミク 2021/8/14
16%
アルティメットセンパイ ピノキオピー 初音ミク 2019/10/16
16%
マシンガンポエムドール cosMo(暴走P) 初音ミク 2021/10/3
16%
しう MARETU 初音ミク 2019/11/9
16%
ねぇねぇねぇ。 ピノキオピー 鏡音リン、初音ミク 2021/8/6
16%
月光 はるまきごはん、こんにちは谷田さん 初音ミク、鏡音リン 2022/5/30
16%
glow keeno 初音ミク 2010/6/28 投稿なし
16%
よっこらせっくす アゴアニキP 鏡音リン 2008/9/29 投稿なし
15%
ワンダーラスト ささくれP 巡音ルカ 2009/2/2 ×
15%
イカサマライフゲイム kemu Megpoid 2012/2/8
15%
ワンダーランドと羊の歌 ハチ 初音ミク 2010/7/3
15%
リリリリ★バーニングナイト samfree Lily 2010/8/26 投稿なし
15%
とても痛い痛がりたい EZFG VY1、VY2 2012/1/10 ×
15%
アイラ ナブナ Megpoid 2015/7/8
15%
悪徳のジャッジメント 悪ノP KAITO 2011/6/13
15%
はやくそれになりたい! キノシタ 音街ウナ 2017/5/11
15%
デリヘル呼んだら君が来た ナナホシ管弦楽団 初音ミク、IA 2014/6/9
15%
ストロボラスト ぽわぽわP 初音ミク 2011/1/20 ×*46
15%
廃墟の国のアリス まふまふ 初音ミク 2018/8/19
15%
コールボーイ syudou 初音ミク 2019/4/13
15%
ドクター=ファンクビート nyanyannya KAITO 2015/6/12
15%
トラフィック・ジャム 煮ル果実 v flower 2019/8/25
15%
ヒアソビ かめりあ 初音ミク 2022/3/13
15%
マシュマリー MIMI 初音ミク 2018/1/4
15%
CH4NGE ギガP 可不(CeVIO) 2021/12/25
15%
drop keeno 初音ミク 2013/4/2 投稿なし
15%
EYE Kanaria Megpoid 2021/7/25
15%
Gimme×Gimme 八王子P×ギガP 初音ミク、鏡音リン 2019/10/26
15%
Iなんです れるりり 初音ミク 2022/11/28
15%
Iなんです(セカイver.) れるりり 初音ミク、東雲絵名(CV.鈴木みのり)、宵崎奏(CV.楠木ともり)、朝比奈まふゆ(CV.田辺留依)、暁山瑞希(CV.佐藤日向) 2022/11/28
15%
Packaged kz 初音ミク 2007/9/25 ×
15%
p.h. SEVENTHLINKS v flower 2020/5/29
15%
私の時間 くちばしP 初音ミク 2007/10/22 ×
14%
メカクシコード 自然の敵P 初音ミク 2011/5/29 ×*18
14%
魔法少女幸福論 トーマ 初音ミク 2013/4/2 投稿なし
14%
ずれていく wowaka 初音ミク 2009/10/23
14%
おねがいダーリン ナナホシ管弦楽団 ONE(CeVIO) 2015/4/24 ×
14%
幾望の月 なきゃむりゃ 結月ゆかり 2018/9/22 ×
14%
エバ 柊キライ v flower 2020/1/3
14%
ジャックポットサッドガール syudou 初音ミク 2020/10/24
14%
アイディスマイル とあ 初音ミク、鏡音リン 2021/5/2
14%
パラサイト DECO*27 初音ミク 2022/2/7
14%
エゴイスト 大沼パセリ v flower 2018/9/12
14%
ハナタバ MIMI 可不(CeVIO) 2022/11/19
14%
えれくとりっく・えんじぇぅ (Full ver.) ヤスオP 初音ミク 2007/10/10 ×*11
14%
Happy Halloween Junky 鏡音リン 2014/10/10
14%
ぶっちぎりにしてあげる♪ ぶっちぎりP 鏡音リン 2008/1/1 投稿なし
13%
いろは唄 銀サク 鏡音リン 2009/2/11 投稿なし
13%
家に帰ると妻が必ず死んだふりをしています。 ほぼ日P 初音ミク 2010/7/23
13%
想像フォレスト 自然の敵P IA 2012/2/1
13%
円尾坂の仕立屋 悪ノP 巡音ルカ 2009/12/8
13%
放課後ストライド Last Note. Megpoid 2012/12/1 投稿なし
13%
リンカーネイション kemu Megpoid、鏡音リン 2013/3/24
13%
告白予行練習 使徒(HoneyWorks) Megpoid 2012/10/27
13%
+♂ ギガP 鏡音レン 2014/3/20
13%
ライアーダンス DECO*27、Naoki Itai 初音ミク 2016/5/27
13%
アンドロメダアンドロメダ ナユタン星人 初音ミク 2015/7/1
13%
リバーシブル・キャンペーン DECO*27 初音ミク 2016/9/16
13%
何でも言うことを聞いてくれるアカネチャン ココアシガレットP 琴葉茜、結月ゆかり、弦巻マキ、東北きりたん(全てVOICEROID) 2017/12/28
13%
始発とカフカ ナブナ 初音ミク 2015/8/31
13%
メリーバッドエンド まふまふ 初音ミク 2018/2/2
13%
一騎当千 梅とら 初音ミク、鏡音リン、巡音ルカ、 2014/12/9 投稿なし
13%
ハローディストピア まふまふ 鏡音リン、鏡音レン 2018/5/25
13%
うみたがり MARETU 初音ミク 2015/5/2
13%
スロウダウナー ろくろ 初音ミク、Megpoid 2018/7/1
13%
アイ情劣等生 かいりきベア 鏡音リン 2020/6/27
13%
カトラリー 有機酸 初音ミク 2017/12/25
13%
バケモノダンスフロア 日向電工 初音ミク 2017/2/17 ×
13%
群青讃歌 Eve 初音ミク 2021/9/30 投稿なし*58
13%
アンチジョーカー マイキP 初音ミク 2020/9/6
13%
ノマド バルーン v flower 2022/3/28
13%
キメラ DECO*27 初音ミク 2022/4/2
13%
花に風 バルーン 初音ミク 2023/2/10
13%
新人類 まらしぃ、自然の敵P、kemu 鏡音リン 2023/3/19
13%
くうになる MIMI 初音ミク、可不(CeVIO) 2022/1/15
13%
ももいろの鍵 いよわ 初音ミク 2023/5/31
13%
さよならプリンセス Kai 初音ミク 2022/1/29
13%
Crazy ∞ nighT ひとしずくP×やま△ 初音ミク、鏡音リン、鏡音レン、 2012/7/18
13%
Dear 19's Sound Factory 初音ミク 2008/3/15 投稿なし
13%
METEOR DIVELA 初音ミク 2018/6/8
13%
Mrs.Pumpkinの滑稽な夢 ハチ 初音ミク 2009/10/12 投稿なし
13%
M.S.S.Planet FB777(M.S.S Project) 初音ミク、Megpoid 2013/8/28 投稿なし
13%
Nyanyanyanyanyanyanya! daniwell 初音ミク 2010/7/25 投稿なし
13%
Ready Steady ギガP 初音ミク、鏡音リン、鏡音レン 2020/9/30
13%
歌に形はないけれど doriko 初音ミク 2008/1/20 ×
12%
コンビニ cokesi 初音ミク 2007/12/30 投稿なし
12%
般若心経ポップ おにゅうP 初音ミク 2010/9/3 投稿なし
12%
メグメグ☆ファイアーエンドレスナイト samfree Megpoid 2009/6/26 投稿なし
12%
キリトリセン 40㍍P Megpoid 2011/2/26
12%
モノクロ∞ブルースカイ のぼる↑ 初音ミク 2010/3/25 ×
12%
骸骨楽団とリリア トーマ 初音ミク 2011/6/18 投稿なし
12%
ストリーミングハート DECO*27 初音ミク 2014/3/21
12%
キャットフード doriko 初音ミク 2010/11/17 ×
12%
世界寿命と最後の一日 スズム Megpoid 2013/9/5 投稿なし
12%
ピエロ KEI 初音ミク 2010/6/29 ×
12%
頓珍漢の宴 ピノキオピー 初音ミク 2015/3/2
12%
脱獄 Neru 鏡音リン 2016/5/1
12%
キレキャリオン ポリスピカデリー 初音ミク 2016/12/15
12%
空奏列車 Orangestar IA、初音ミク 2015/2/21
12%
アカリがやってきたぞっ ココアシガレットP 紲星あかり 2018/9/22
12%
君が飛び降りるのなら Omoi 初音ミク 2017/12/2
12%
ミルククラウン・オン・ソーネチカ ユジー 初音ミク 2014/4/25
12%
オートファジー 柊キライ v flower 2019/8/19
12%
孤独の宗教 syudou 初音ミク 2020/2/3
12%
ラブカ? 柊キライ v flower 2020/12/11
12%
オルターエゴ Misumi 初音ミク 2019/8/16
12%
異星にいこうね いよわ 星界(CeVIO) 2022/4/29
12%
レクイエム Kanaria 初音ミク 2023/4/22
12%
馬鹿 syudou 初音ミク 2018/3/21
12%
『んっあっあっ。』 SLAVE.V-V-R 初音ミク 2021/3/28
12%
終焉逃避行 柊マグネタイト 初音ミク 2020/12/11
12%
リアライズ 柊マグネタイト、C'Na、 初音ミク雪乃イト 2023/8/19
12%
心拍数♯0822 蝶々P 初音ミク 2010/8/22 投稿なし
12%
About me 蝶々P Megpoid 2014/2/5 投稿なし
12%
Alice in Musicland OSTER project 初音ミク、鏡音リン、鏡音レン、巡音ルカ、KAITO、MEIKO 2011/7/24 ×
12%
Booo! 西沢さんP 音街ウナ 2018/10/24
12%
IMAWANOKIWA いよわ 初音ミク 2019/11/10
12%
NEO(セカイver.アニメーションMV) 自然の敵P 初音ミク、星乃一歌(CV.野口瑠璃子)、花里みのり(CV.小倉唯)、小豆沢こはね(CV.秋奈)、天馬司(CV.廣瀬大介)、宵崎奏(CV.楠木ともり) 2023/9/30
12%
RIP=RELEASE 流星P 巡音ルカ 2009/1/30 投稿なし
12%
THE WORLDS FB777(M.S.S Project) 初音ミク 2013/1/18 ×
12%
キティ(セカイver.) ツミキ 鏡音レン、暁山瑞希(CV.佐藤日向)、宵崎奏(CV.楠木ともり)、朝比奈まふゆ(CV.田辺留依)、東雲絵名(CV.鈴木みのり) 2023/5/12
12%
恋スルVOC@LOID(修正版) OSTER project 初音ミク 2007/9/13 ×
12%
罪と罰 DECO*27 初音ミク 2009/9/8 ×*27
11%
ゆるふわ樹海ガール 石風呂 初音ミク 2011/10/14 ×
11%
イヤホンと蝉時雨 Orangestar IA 2014/7/17
11%
とおせんぼ wowaka 初音ミク 2009/6/16
11%
メーベル バルーン v flower 2016/12/14
11%
明星ギャラクティカ ナユタン星人 初音ミク 2018/2/20
11%
アディショナルメモリー 自然の敵P 初音ミク 2018/9/14
11%
ラストダンス Eve 初音ミク 2018/12/14 投稿なし*51
11%
ジレンマ DECO*27 初音ミク 2022/3/9
11%
星界ちゃんと可不ちゃんのおつかい合騒曲 南ノ南 星界(CeVIO)、可不(CeVIO)、東北きりたん(CeVIO) 2022/10/8
11%
愛されなくても君がいる ピノキオピー 初音ミク 2020/7/22
11%
drop pop candy ギガP 鏡音リン、巡音ルカ 2014/7/18
11%
Leia ゆよゆっぺ 巡音ルカ 2011/1/1
11%
No Logic ジミーサムP 巡音ルカ 2009/9/14 投稿なし
11%
SPiCa とくP 初音ミク 2009/7/27 ×
11%
むかしむかしのきょうのぼく DECO*27 初音ミク 2010/11/25 ×*12
10%
ポーカーフェイス ゆちゃP Megpoid 2010/11/29 ×
10%
恋愛勇者 Last Note. Megpoid 2012/1/20 ×*16
10%
みんなみくみくにしてあげる♪ ika 初音ミク 2012/10/8 ×
10%
スイートフロートアパート 家の裏でマンボウが死んでるP Megpoid 2011/10/24
10%
白ノ娘 悪ノP 弱音ハク(初音ミク) 2010/1/6 ×*24
10%
サリシノハラ みきとP 初音ミク 2012/10/4
10%
スキキライ ゴム(HoneyWorks) 鏡音リン、鏡音レン 2011/1/21
10%
好き!雪!本気マジック Mitchie M 初音ミク 2014/2/1
10%
しゅうまつがやってくる! ささくれP 鏡音リン 2010/6/4 投稿なし
10%
九龍レトロ トーマ Megpoid 2012/9/7 投稿なし
10%
罪の名前 ryo 初音ミク 2016/6/10 ×
10%
ストロボナイツ kz 初音ミク 2007/11/30 ×
10%
深海シティアンダーグラウンド 田中B 鏡音リン 2011/11/22
10%
グラーヴェ niki 初音ミク 2017/4/4
10%
スターナイトスノウ ナブナ、Orangestar 初音ミク 2017/1/6
10%
古書屋敷殺人事件 てにをは 初音ミク 2012/7/3 ×
10%
レディーレ バルーン v flower 2017/6/14
10%
ビースト・ダンス くらげP 音街ウナ 2017/3/14
10%
ねぇ、どろどろさん YASUHIRO(康寛) 鏡音リン 2018/11/9
10%
それがあなたの幸せとしても ヘブンズP 巡音ルカ 2013/4/2 ×
10%
一心不乱 梅とら 初音ミク、巡音ルカ、Megpoid 2012/3/3 ×
10%
わたしのアール くらげP 初音ミク 2015/8/31
10%
メビウス 柊キライ v flower 2020/11/26
10%
アプリコット いよわ 初音ミク 2021/12/12
10%
マフィア wotaku 初音ミク 2020/8/7
10%
トキヲ・ファンカ takamatt Megpoid 2013/5/27
10%
あだぽしゃ いよわ 初音ミク 2021/6/20
10%
らくらく安楽死 ぺぽよ 初音ミク、VY1、ぽよろいど(UTAU) 2021/10/14
10%
地球の裏 いよわ 裏命(CeVIO) 2022/11/29
10%
絶対敵対メチャキライヤー メドミア 初音ミク、可不(CeVIO) 2022/4/23
10%
リレイアウター 稲葉曇 歌愛ユキ 2023/8/5
10%
ニュース39 Mitchie M 初音ミク 2015/5/3
10%
ACUTE 黒うさP 初音ミク、巡音ルカ、KAITO 2009/8/21 投稿なし
10%
ELECT niki Lily 2014/1/2
10%
Hello, Worker KEI 巡音ルカ 2011/9/2 ×
10%
Shadow Shadow Azari v flower 2021/9/27
10%
WORLD'S END UMBRELLA ハチ 初音ミク 2010/2/8
10%
おなかすいたうた ドンフライP 初音ミク 2007/12/25 投稿なし
9%
紅一葉(巡音ルカ版) 黒うさP 巡音ルカ 2009/5/26 投稿なし
9%
会いたい シグナルP Megpoid 2010/8/11 ×
9%
どういうことなの!? くちばしP 初音ミク 2011/1/13 投稿なし
9%
桜前線異常ナシ ワタルP 初音ミク 2010/4/23 投稿なし
9%
二次元ドリームフィーバー(初音ミク版) PolyphonicBranch 初音ミク 2012/2/14 ×
9%
カムパネルラ ささくれP Megpoid 2009/10/28 ×
9%
罰ゲーム くるりんご 初音ミク、Megpoid 2012/3/27 投稿なし
9%
マダラカルト トーマ Megpoid 2012/5/6 投稿なし
9%
アブストラクト・ナンセンス Neru 鏡音リン 2011/5/6
9%
イドラのサーカス Neru 鏡音リン 2013/5/3
9%
しわ buzzG Megpoid 2012/5/7 ×
9%
きょうもハレバレ ふわりP Megpoid 2013/7/12 ×
9%
白ゆき ナブナ 初音ミク 2016/3/12
9%
とある一家の御茶会議 くるりんご Megpoid 2013/5/27 投稿なし
9%
アザレアの亡霊 トーマ 初音ミク 2012/11/5 投稿なし
9%
チェチェ・チェック・ワンツー! くらげP 結月ゆかり 2016/8/29
9%
飛行少女 ナユタン星人 初音ミク 2016/7/13 ×
9%
林檎売りの泡沫少女 yukkedoluce Megpoid 2012/11/15
9%
残響 164 Megpoid 2016/12/22
9%
トゥインクル Junky 鏡音リン 2011/7/14 投稿なし
9%
愛迷エレジー DECO*27 初音ミク 2013/12/18
9%
疑心暗鬼 梅とら 初音ミク、鏡音リン、巡音ルカ、 2014/6/13 ×
9%
バイオレンストリガー 八王子P 初音ミク 2018/12/23
9%
積み木の人形 wowaka 初音ミク 2009/12/2
9%
フリィダム ロリィタ ねじ式 結月ゆかり 2017/2/21 ×
9%
きみも悪い人でよかった ピノキオピー 初音ミク 2016/8/26
9%
イナイイナイ依存症(初音ミク版) かいりきベア、MARETU 初音ミク 2017/1/6
9%
レミングミング かいりきベア v flower 2017/11/2
9%
トラッシュ・アンド・トラッシュ! くらげP 鏡音リン 2017/1/31
9%
時ノ雨、最終戦争 Orangestar IA 2015/12/20
9%
未完成タイムリミッター Orangestar IA 2014/2/1
9%
ハグ カンザキイオリ 初音ミク 2018/3/11
9%
セイデンキニンゲン かいりきベア 初音ミク 2015/4/10
9%
パズル クワガタP 初音ミク 2009/9/5 ×
9%
アマツキツネ まらしぃ 鏡音リン 2012/8/13
9%
ジグソーパズル まふまふ 鏡音レン 2018/11/23
9%
邪魔 syudou 初音ミク 2018/1/24
9%
インタビュア クワガタP 巡音ルカ 2011/11/4 投稿なし
9%
とても素敵な六月でした Eight 初音ミク 2014/6/13
9%
シニカルナイトプラン Ayase 初音ミク 2020/3/24
9%
クライヤ すこっぷ 初音ミク 2013/11/22
9%
爆笑 syudou 初音ミク 2021/5/27 投稿なし*60
9%
アイロニック Kanaria 初音ミク 2021/12/19 ×*63
9%
アブソリュート YASUHIRO(康寛) 鏡音リン 2019/8/17
9%
クーネル・エンゲイザー 電ǂ鯨 琴葉葵(VOICEROID)、琴葉茜(VOICEROID)、ストピくん(UTAU)、 2019/2/7
9%
絶え間なく藍色 獅子志司 初音ミク 2019/6/25
9%
ヲズワルド 煮ル果実 v flower 2019/2/10
9%
お呪い なきそ 花隈千冬(Synthesizer V) 2023/2/6
9%
神曲 おにゅうP、ピノキオピー 初音ミク 2011/1/30 投稿なし
9%
しねばいいのに どぶウサギ KAITO 2009/1/16 投稿なし
9%
ニューダーリン MARETU 初音ミク 2021/12/27
9%
3331 ほえほえP 初音ミク 2011/10/31 ×
9%
clock lock works ハチ 初音ミク 2009/11/27
9%
paranoia めざめP 初音ミク 2012/3/13 ×
9%
てらてら(セカイver.) くらげP 初音ミク、天馬咲希(CV.礒部花凜)、星乃一歌(CV.野口瑠璃子)、望月穂波(CV.上田麗奈)、日野森志歩(CV.中島由貴) 2022/8/24
9%
下剋上(完) 一行P 鏡音リン、鏡音レン 2008/4/2 投稿なし
8%
永遠に幸せになる方法、見つけました。 うたたP 初音ミク 2012/8/27
8%
リグレットメッセージ 悪ノP 鏡音リン 2008/5/25 ×
8%
全く身にならないソング 露吐、レトルト、キヨ 結月ゆかり 2015/3/12
8%
タイガーランペイジ ささくれP 鏡音リン 2010/8/5 ×
8%
乱躁滅裂ガール れるりり 初音ミク、Megpoid 2016/10/14
8%
いいや DECO*27 初音ミク 2016/8/5
8%
ジャバヲッキー・ジャバヲッカ カラスヤサボウ 鏡音リン、鏡音レン 2011/7/29 投稿なし
8%
カーニバル otetsu Megpoid 2011/3/7 ×
8%
花瓶に触れた バルーン v flower 2016/2/23
8%
メテオ(初音ミク版) じょん 初音ミク 2011/3/20 ×
8%
天使だと思っていたのに 鬱P 初音ミク 2018/2/1
8%
スキスキ絶頂症 電ポルP Megpoid 2014/2/13
8%
心做し 蝶々P Megpoid 2014/1/5 ×
8%
君はできない子 きくお 初音ミク 2013/3/23
8%
ミュージックミュージック とあ 初音ミク 2014/8/27
8%
濫觴生命 Orangestar IA 2015/8/29
8%
コウカツ MARETU 初音ミク 2018/3/16
8%
紗痲 煮ル果実 v flower 2018/10/8
8%
セカイはまだ始まってすらいない ピノキオピー 初音ミク 2020/4/17
8%
クローバー♣クラブ ゆうゆ 初音ミク 2008/1/3 ×
8%
少女ケシゴム MARETU 初音ミク、Megpoid 2013/12/27 ×*62
8%
ゴキブリの味 MARETU 初音ミク 2019/8/24
8%
愛の詩 ラマーズP 初音ミク 2013/10/31
8%
パレットには君がいっぱい ぽわぽわP 初音ミク 2012/11/1 ×*68
8%
パノプティコン r-906 初音ミク 2019/8/17
8%
ハイドレンジア LonePi 歌愛ユキ 2021/3/8
8%
にっこり^^調査隊のテーマ じーざすP 鏡音リン、鏡音レン 2022/1/19
8%
サクラノタトゥー 一二三、ピノキオピー 初音ミク、音街ウナ 2021/10/15
8%
粘着系男子の15年ネチネチ(VY2版) 家の裏でマンボウが死んでるP VY2 2011/7/11
8%
8.32 *Luna v flower 2018/7/7
8%
Blackjack ゆちゃP 巡音ルカ 2010/11/4 ×
8%
JUVENILE 自然の敵P 初音ミク 2023/12/22
8%
Mr.Music れるりり、ロンチーノ=ぺぺ、 初音ミク、巡音ルカ、鏡音リン 2011/3/4 投稿なし
8%
絵本『人柱アリス』 歪P MEIKO、KAITO、初音ミク 2008/4/30 投稿なし
7%
トエト トラボルタP 巡音ルカ 2009/2/17 ×*14
7%
火葬曲 No.D 初音ミク 2009/2/7 投稿なし
7%
あなたの歌姫 azuma 初音ミク 2007/9/18 投稿なし
7%
夕日坂 doriko 初音ミク 2008/3/22 投稿なし
7%
イケ恋歌 れれれP 鏡音レン 2008/3/31 ×
7%
心壊サミット DECO*27 初音ミク 2009/7/28 ×*28
7%
ケッペキショウ すこっぷ Megpoid 2012/12/16
7%
ペテン師が笑う頃に 梨本P 初音ミク 2009/5/12 ×*29
7%
毒占欲 DECO*27 初音ミク 2014/1/31
7%
猪突猛進ガール れるりり 初音ミク、Megpoid 2013/11/8
7%
チェックメイト ゆちゃP Megpoid 2012/4/22
7%
うそつき めざめP 初音ミク 2011/6/10 ×
7%
イノコリ先生 ゴム(HoneyWorks) v flower 2014/4/17
7%
命のユースティティア Neru 鏡音レン 2013/10/6
7%
パーフェクト生命 ナユタン星人 初音ミク 2015/10/6 ×
7%
テロル Neru 鏡音リン 2014/6/3
7%
ロストエンファウンド ささくれP 初音ミク 2010/7/9
7%
てんしょう しょうてんしょう きくお 初音ミク 2012/11/8
7%
竹取オーバーナイトセンセーション ゴム(Honeyworks) 鏡音リン、鏡音レン 2012/9/28
7%
雨き声残響 Orangestar IA 2014/10/5
7%
上弦の月 黒うさP KAITO 2013/7/15
7%
ハイスペックニート 40㍍P 初音ミク 2017/1/6
7%
ストラトステラ ナユタン星人 初音ミク 2015/12/9 ×
7%
チャンバラジョニー DECO*27 初音ミク 2015/12/16
7%
ジャガーノート 夏代孝明 初音ミク 2018/5/17 投稿なし*45
7%
春に一番近い街 40㍍P Megpoid 2012/3/3 ×
7%
ディカディズム ぬゆり v flower、心華 2018/5/11
7%
スヂ MARETU 初音ミク 2015/12/11
7%
しかばねの踊り きくお 初音ミク 2013/8/31
7%
週刊少年バイバイ ピノキオピー 初音ミク 2012/10/2
7%
ヒトサマアレルギー かいりきベア v flower 2016/1/30
7%
スーパーマーケット☆フィーバー サイゼP 初音ミク、音街ウナ 2017/2/24
7%
懺悔参り 羽生まゐご v flower 2018/2/4
7%
少年少女カメレオンシンプトム Neru 鏡音リン 2012/4/20 ×
7%
初音ミクの分裂→破壊 cosMo(暴走P) 初音ミク 2010/6/2 ○*54
7%
夜行性ハイズ DECO*27 初音ミク 2019/2/1
7%
パズルガール とあ 初音ミク 2015/3/25
7%
あの娘シークレット Eve 初音ミク 2017/7/13 投稿なし*56
7%
走れ KEI Megpoid 2012/7/6 ×
7%
ラブドール DECO*27 Megpoid 2014/5/30
7%
アヤカシ buzzG 初音ミク 2016/12/17
7%
なにやってもうまくいかない meiyo 可不(CeVIO) 2021/10/3
7%
失楽ペトリ ナナホシ管弦楽団 初音ミク 2019/10/2
7%
リコレクションエンドロウル ツミキ 初音ミク 2018/7/7
7%
ヒガン john 初音ミク 2020/5/22
7%
セカイ再信仰特区 ろくろ 初音ミク 2017/9/8
7%
ドリームレス・ドリームス はるまきごはん 初音ミク 2017/5/6
7%
性格悪くてすみません。 青谷 重音テト(UTAU) 2016/6/13
7%
フューチャー・イヴ ささくれP 初音ミク 2022/6/17
7%
キッカイケッタイ(本人投稿版) メドミア 初音ミク、可不(CeVIO) 2022/7/31
7%
花を唄う シノ 初音ミク 2021/1/28
7%
死んでしまったのだろうか Guiano v flower 2018/7/16
7%
可不ちゃんのカレーうどん狂騒曲*71 南ノ南 可不(CeVIO)、ずんだもん(VOICEVOX)、東北きりたん(CeVIO)、東北ずん子(CeVIO) 2022/4/23
7%
このピアノでお前を8759632145回ぶん殴る SLAVE.V-V-R 猫村いろは 2016/4/26
7%
細菌汚染 - Bacterial Contamination - カニミソP 初音ミク 2012/2/3
7%
Beat Eater ポリスピカデリー 初音ミク 2021/7/18
7%
Black Board 蝶々P 初音ミク 2012/3/26
7%
愛Dee Mitchie M 初音ミク、巡音ルカ 2012/6/9
7%
IMITATION BLACK natsuP がくっぽいど、KAITO、鏡音レン 2009/6/1 ×
7%
KILLER B 梅とら 巡音ルカ、初音ミク、Megpoid、 2017/12/21
7%
Last Night, Good Night kz 初音ミク 2008/7/31
7%
LUVORATORRRRRY! ギガP×れをる Megpoid、鏡音リン 2014/2/22
7%
M.S.S.Phantom FB777(M.S.S Project) 初音ミク 2014/3/25 投稿なし
7%
スーパートルコ行進曲 - オワタ\(^o^)/ オワタP がくっぽいど 2008/8/1 ×
7%
くたばれPTA 梨本P 初音ミク 2010/5/26 ×*34
7%
trick and treat OSTER project 鏡音リン、鏡音レン 2008/10/30 ×
7%
妄想スケッチ 40㍍P 初音ミク 2011/1/8
6%
アイドルを咲かせ Mitchie M 初音ミク 2012/12/14
6%
秘密警察 ぶりるP 初音ミク 2010/11/9 ×
6%
ヤキモチの答え 使徒(HoneyWorks) Megpoid 2013/3/14
6%
サヨナラチェーンソー くらげP 結月ゆかり 2012/4/24 投稿なし
6%
命短し恋せよ乙女 デスおはぎ 重音テト(UTAU) 2012/10/6
6%
ボーカロイドたちがただ叫ぶだけ ココアシガレットP 初音ミク、鏡音リン、鏡音レン、 2016/8/14
6%
有頂天ビバーチェ Last Note. Megpoid 2013/6/28 投稿なし
6%
シルバーバレット ぺぺろんP Megpoid 2012/3/12 投稿なし
6%
ハウトゥワープ ナユタン星人 初音ミク 2015/9/1 ×
6%
病名は愛だった Neru 鏡音リン、鏡音レン 2017/9/17
6%
マチガイサガシ まふまふ IA 2017/6/30
6%
レトロマニア狂想曲 PolyphonicBranch 鏡音リン、鏡音レン 2016/12/9
6%
い~やい~やい~や Neru 鏡音リン、鏡音レン 2017/11/10
6%
橙ゲノム めざめP 初音ミク 2012/9/3 ×
6%
リバースユニバース ナユタン星人 初音ミク 2017/8/31 ×
6%
スクランブル交際 DECO*27 初音ミク 2019/3/22
6%
メアの教育 Diarays 初音ミク 2013/8/22 ×
6%
妄想疾患■ガール れるりり、もじゃ Megpoid 2014/6/7 投稿なし
6%
ジッタードール niki Lily 2012/2/25 ×
6%
くたばろうぜ Neru 鏡音リン、鏡音レン 2017/12/29
6%
トウキョウダイバアフェイクショウ ツミキ IA 2017/12/15 ×
6%
内臓ありますか ピノキオピー 初音ミク 2019/1/22
6%
ファインダー kz 初音ミク 2008/1/5 ×
6%
ムーンウォークフィーバー 日向電工 初音ミク 2016/12/3 ×
6%
リアル初音ミクの消失 cosMo(暴走P) Megpoid 2015/7/29
6%
マジカルドクター MARETU 初音ミク 2019/12/27
6%
さよならジャックポット いよわ 初音ミク、v flower 2020/9/27
6%
おくすり飲んで寝よう もちうつね 初音ミク 2022/10/7
6%
ARiA とくP 初音ミク 2010/4/29 ×
6%
My Colorful Confuse 家の裏でマンボウが死んでるP Megpoid 2012/2/28 ×
6%
Sweet Devil 八王子P 初音ミク 2010/2/14
6%
ひつじがいっぴき(セカイver.) Peg MEIKO、小豆沢こはね(CV.秋奈)、白石杏(CV.鷲見友美ジェナ)、東雲彰人(CV.今井文也)、青柳冬弥(CV.伊東健人) 2023/2/26
6%
指切り すこっぷ 初音ミク 2010/4/28 投稿なし
5%
イージーデンス Mitchie M 初音ミク 2012/1/2
5%
リスキーゲーム 黒うさP 初音ミク 2011/1/6 投稿なし
5%
たすけてドラえもん 黒田亜津 初音ミク 2013/5/8 ×
5%
ハイセンスナンセンス 盛るP 初音ミク 2009/4/19 投稿なし
5%
過食性:アイドル症候群 スズム Megpoid、MAYU 2013/1/24 投稿なし
5%
孤独の果て 光収容 鏡音リン 2009/8/9 投稿なし
5%
今好きになる。 使徒(HoneyWorks) 初音ミク 2014/11/25
5%
はやぶさ SHO(キセノンP) 初音ミク 2010/3/28 ×
5%
ロゼッタ 10日P Megpoid 2010/9/2 ×
5%
僕をそんな目で見ないで きくお 初音ミク 2011/2/21
5%
このふざけた素晴らしき世界は、僕の為にある n.k 初音ミク 2015/1/19
5%
アカツキアライヴァル Last Note. 初音ミク、巡音ルカ 2012/2/24 投稿なし
5%
君の体温 クワガタP 初音ミク 2009/12/25 投稿なし
5%
幽霊屋敷の首吊り少女 トーマ Megpoid 2012/2/3 投稿なし
5%
戯言スピーカー(日本語版) ねこぼーろ 初音ミク 2011/5/7 ×
5%
ジェシカ くるりんご 初音ミク 2012/1/14 投稿なし
5%
繰り返し一粒(初音ミク版) 猫虫P 初音ミク 2010/10/30 投稿なし
5%
アンデッドエネミー ギガP×スズム 鏡音リン 2014/6/20 投稿なし
5%
ハートアラモード DECO*27 初音ミク 2014/10/3
5%
ぼくらはみんな意味不明 ピノキオピー 初音ミク 2017/4/4
5%
からっぽのまにまに ピノキオピー 初音ミク 2010/11/28
5%
撥条少女時計 Drop、葉月ゆら 初音ミク 2018/12/9
5%
誰でもいいから付き合いたい 卓球少年 鏡音レン 2012/12/1 ×
5%
ミラーリング バルーン 初音ミク 2016/1/12 ×
5%
失想ワアド 自然の敵P 初音ミク 2017/12/29
5%
花降らし ナブナ 初音ミク 2016/5/7
5%
アダルトチルドレン(リメイク版) カンザキイオリ 鏡音リン 2017/3/28
5%
ジェンガ 40㍍P 初音ミク 2010/1/31 投稿なし
5%
絶対にチョコミントを食べるアオイチャン ココアシガレットP 琴葉葵、琴葉茜(全てVOICEROID) 2019/8/9
5%
トーキョーゲットー Eve 初音ミク 2018/7/5 投稿なし*49
5%
クレイジー・ビート さつき が てんこもり 初音ミク、鏡音レン 2018/12/13
5%
レッド・パージ!!! P.I.N.A. 鏡音リン、鏡音レン 2014/2/7
5%
繰り返し一粒(鏡音リン版) 猫虫P 鏡音リン 2011/11/12 投稿なし
5%
マエガミスト MARETU 初音ミク 2016/5/27
5%
君が生きてなくてよかった ピノキオピー 初音ミク 2017/8/28
5%
純情スカート 40㍍P 初音ミク 2013/2/19
5%
君の神様になりたい。 カンザキイオリ 初音ミク 2017/10/1
5%
ヨヒラ ナブナ 初音ミク 2018/3/9
5%
ファイヴ Omoi 初音ミク 2017/9/7 ×
5%
ハイドアンド・シーク 19's Sound Factory 初音ミク 2014/11/4 投稿なし
5%
シンクロナイザー Orangestar 初音ミク 2016/8/11
5%
ニナ ピノキオピー 初音ミク 2013/11/25
5%
エンドロール 夏代孝明 VY1、初音ミク 2018/7/19 投稿なし*66
5%
ラプンツェル ナブナ 初音ミク 2016/7/6
5%
ネコミミアーカイブ 糞田舎P 初音ミク 2012/1/28 ×
5%
ゴー・トゥ・大都会 ニャン・トンロン、月裏 Megpoid 2019/12/19
5%
あなたの夜が明けるまで 傘村トータ IA、Fukase 2019/1/27
5%
トゥイー・ボックスの人形劇場 ささくれP 初音ミク 2013/5/1
5%
キルマー 煮ル果実 v flower 2019/11/22
5%
こっち向いて Baby ryo 初音ミク 2010/7/2 投稿なし
5%
CITRUS Orangestar IA、ONE(CeVIO) 2015/4/4
5%
crack keeno 初音ミク 2010/10/22 投稿なし
5%
-ERROR niki Lily 2010/9/13
5%
GETCHA! ギガP、KIRA 初音ミク、Megpoid 2020/9/4
5%
GURU 自然の敵P 可不(CeVIO) 2021/12/10
5%
LOL -lots of laugh- エンドケイプ、KeN 初音ミク 2009/8/25 投稿なし
5%
MONSTER KIRA Megpoid 2019/5/29
5%
SNOBBISM Neru 鏡音リン、鏡音レン 2018/3/21
5%
Soar 流星P 初音ミク 2008/3/19 投稿なし
5%
夢みることり はややP 鏡音リン、初音ミク 2008/2/5 ×*20
4%
秘蜜~黒の誓い~ ひとしずくP 鏡音リン、鏡音レン 2010/4/5
4%
一途な片思い、実らせたい小さな幸せ。 うたたP MAYU 2012/11/23
4%
被害妄想携帯女子(笑) ギガP Megpoid 2014/4/1 投稿なし
4%
延命治療 Neru IA 2012/12/28
4%
完全犯罪ラブレター 150P IA 2012/6/23 投稿なし
4%
音偽バナシ DECO*27 初音ミク 2013/11/30
4%
アンチビート DECO*27 初音ミク 2014/4/28
4%
死にたがり 梨本P 初音ミク 2010/2/23 ×*40
4%
在来ヒーローズ 150P 初音ミク、Megpoid、鏡音リン、MAYU 2013/1/12 投稿なし
4%
巡姫舞踊曲 No.D 巡音ルカ 2009/1/30 投稿なし
4%
病名恋ワズライ 使徒(Honeyworks) Megpoid 2013/12/17
4%
アサガオの散る頃に じっぷす 初音ミク 2015/3/15
4%
初恋の絵本 使徒(HoneyWorks) Megpoid 2011/11/18
4%
マカロン ATOLS 初音ミク 2012/8/10
4%
クノイチでも恋がしたい みきとP 初音ミク、鏡音リン 2013/3/23
4%
劇場愛歌 ナブナ miki 2015/2/23 投稿なし
4%
ダンスダンスデカダンス カラスヤサボウ 鏡音リン 2013/1/28 投稿なし
4%
なりすましゲンガー KulfiQ 初音ミク、鏡音リン 2012/1/28 ×
4%
厭世輪舞曲 YASUHIRO(康寛) 鏡音リン 2017/11/5 ×
4%
再演 RINGO 音街ウナ、Megpoid 2017/11/3
4%
ディザーチューン DIVELA 初音ミク 2018/8/31
4%
シザーハンズ Nem 初音ミク 2009/11/24 ×
4%
ショットガン・ラヴァーズ のぼる↑ 初音ミク 2010/10/14 ×
4%
レイズ ナブナ 初音ミク 2014/7/4 投稿なし
4%
どうぶつ占い すこっぷ 初音ミク 2010/8/11 ×
4%
ラブソングを殺さないで ピノキオピー 初音ミク 2012/4/22 ×
4%
パケットヒーロー MARETU 初音ミク 2015/1/9
4%
驫麤~とりぷるばか~ ラマーズP 初音ミク、重音テト(UTAU) 2008/7/13 投稿なし
4%
ドミノ倒シ すこっぷ 初音ミク 2011/1/14 ×
4%
ラズベリー*モンスター ゴム(HoneyWorks) 初音ミク 2013/6/6
4%
レコード・レド shr 鏡音リン 2012/4/20 ×
4%
祝福のメシアとアイの塔 ひとしずくP×やま△ 初音ミク、鏡音リン、鏡音レン、 2016/7/20
4%
恋人のランジェ ハチ 初音ミク 2009/12/19 投稿なし
4%
恋はきっと急上昇☆ のぼる↑ Megpoid 2009/6/26 ×
4%
スクラマイズ MARETU 初音ミク 2015/8/20
4%
片恋歌 紅紫 初音ミク 2020/11/16 ×*53
4%
夢喰い白黒バク Nem 鏡音レン 2011/7/4 ×
4%
テスラは夢の中 西沢さんP 初音ミク 2017/4/26
4%
愛及屋烏 バルーン 初音ミク、v flower 2015/5/4
4%
心臓デモクラシー みきとP 初音ミク 2012/1/23 ×
4%
カンタービレ×パッシオーネ OSTER project 初音ミク 2017/8/11
4%
文学少女インセイン カラスヤサボウ 鏡音リン 2012/9/28 ×
4%
アストロノーツ ぽわぽわP 初音ミク 2011/6/2 ×*64
4%
無人駅 ナブナ miki 2015/7/21
4%
故にユーエンミ― ただのCo 初音ミク、薪宮風季(UTAU) 2014/2/13
4%
イヤガール かいりきベア 初音ミク 2017/4/12
4%
赤ペンおねがいします ぽわぽわP 初音ミク 2015/7/23 ×*65
4%
花が落ちたので、 一二三 初音ミク 2017/1/20
4%
クローゼットルーム るりう Megpoid、v flower 2021/4/24 ×
4%
マイナスレッテル かいりきベア v flower 2018/1/16
4%
君色に染まる 西沢さんP Megpoid 2015/11/6
4%
ハングリーニコル 煮ル果実 v flower 2018/6/10
4%
うまれるまえは MARETU 初音ミク 2015/9/17
4%
パジャミィ いよわ 初音ミク 2022/3/27
4%
人間らしい ユリイ・カノン Megpoid 2019/4/25
4%
小夜子 みきとP 初音ミク 2011/8/8
4%
アップルドットコム ピノキオピー 初音ミク 2017/7/1
4%
ANTI THE∞HOLiC cosMo(暴走P) 巡音ルカ、鏡音リン 2009/7/29 ○*25
4%
BadBye koma'n 初音ミク 2011/2/11 投稿なし
4%
celluloid baker 初音ミク 2007/10/5 ×
4%
EveR ∞ LastinG ∞ NighT ひとしずくP×やま△ 初音ミク、鏡音リン、鏡音レン、 2014/9/11
4%
fix keeno 初音ミク 2011/8/25 投稿なし
4%
It's A Whole World そーいち 鏡音レン 2013/9/27
4%
Just a game takamatt Megpoid 2010/6/3 投稿なし
4%
曖昧劣情Lover 電ポルP v flower 2014/8/14 投稿なし
4%
Masked bitcH ギガP Megpoid 2012/8/22 投稿なし
4%
Paranoid Doll natsuP がくっぽいど 2009/7/22 ×
4%
日本橋高架下R計画 自然の敵P IA 2012/4/4 ×
4%
Twilight ∞ nighT ひとしずくP×やま△ 初音ミク、鏡音リン、鏡音レン、 2013/2/14
4%
VOiCE ラヴリーP 初音ミク 2008/8/13 投稿なし
4%
ボーカロイドたちがただテッテーテレッテーするだけ ココアシガレットP 初音ミク、鏡音リン、鏡音レン、 2015/12/30
3%
桜の季節 ゆうゆ 初音ミク 2007/11/2 ×
3%
イッシュのポケモン 言えるのか! hapi⇒、mazoP、大丈夫P、 初音ミク、miki、KAITO、 2010/12/12
3%
脱げばいいってモンじゃない! デッドボールP 初音ミク 2009/10/16 投稿なし
3%
影踏みエトランゼ Substreet 初音ミク 2011/1/29 投稿なし
3%
闇色アリス samfree 初音ミク 2009/2/20 投稿なし
3%
時忘人 仕事してP KAITO 2009/4/27 ×
3%
僕がモンスターになった日 れるりり Fukase 2016/1/8
3%
幸福な死を きくお 初音ミク 2012/5/30
3%
ミスリード・ミスリード Omoi 初音ミク、鏡音リン 2018/11/2 ×
3%
ユクエシレズ うみろ Megpoid 2013/6/3 ×
3%
アイムハイ MARETU 初音ミク 2017/4/8
3%
こどものしくみ ピノキオピー 初音ミク 2013/8/21
3%
ハイファイレイヴァー Easy Pop 巡音ルカ、Megpoid、初音ミク 2012/1/16 ×
3%
自由に捕らわれる。 カンザキイオリ 初音ミク 2018/4/7
3%
↑人生ゲーム↓ ゆずひこ 初音ミク 2011/2/2 投稿なし
3%
ノイローゼ 蜂屋ななし v flower 2019/4/8
3%
孤独毒毒 syudou 初音ミク 2021/11/26
3%
永遠にゲームで対戦したいキリタン ココアシガレットP 東北きりたん(VOICEROID)、結月ゆかり(VOICEROID)、 2019/12/29
3%
真夏と少年の天ノ川戦争 Orangestar IA 2013/7/6 ×*70
3%
イカサマ⇔カジノ ひとしずくP×やま△ 鏡音リン、鏡音レン 2012/4/1
3%
四季刻歌 綿飴 IA 2012/10/22
3%
さようなら、花泥棒さん メル 初音ミク 2015/4/3
3%
晴天を穿つ 傘村トータ Mew 2020/4/20
3%
ボーカロイドたちがただ2コードくりかえすだけ ココアシガレットP 初音ミク、鏡音リン、鏡音レン、KAITO 2015/8/15
3%
alternate keeno 初音ミク 2015/9/15 投稿なし
3%
Cynic ポリスピカデリー 闇音レンリ(UTAU) 2016/4/19
3%
Guilty Verse ぺぺろんP 氷山キヨテル 2010/3/15 ×*47
3%
lili. 有機酸 v flower 2016/10/20
3%
Nostalogic (single edit) yuukiss MEIKO 2010/3/1 投稿なし
3%
月・影・舞・華(初音ミク版) 銀河方面P 初音ミク 2011/11/15 ×
2%
マッシュルームマザー ピノキオピー 初音ミク 2011/8/13
2%
夏に去りし君を想フ baker 初音ミク 2011/8/29 投稿なし
2%
さよならワンダーノイズ ナブナ 初音ミク 2013/6/4 投稿なし
2%
恋愛フィロソフィア 黒うさP 初音ミク 2012/5/28 投稿なし
2%
愛惜ヒエラルキ shr 鏡音レン 2012/9/30 投稿なし
2%
エイトリアム R Sound Design v flower 2018/10/26 ×
2%
番蝶 てにをは 初音ミク 2011/6/23 投稿なし
2%
表裏一体 すりぃ 鏡音リン、鏡音レン 2018/5/3 ×
2%
たべるんごのうた バチ 女声1(AquesTalk) 2020/1/11 投稿なし
2%
ニセモノ注意報 150P IA 2012/6/10 投稿なし
2%
忘れちゃったよ。 カンザキイオリ、msy IA 2017/4/5 ×
2%
愛があれば。 カンザキイオリ 鏡音リン 2018/2/24
2%
からくり卍ばーすと ひとしずくP×やま△ 鏡音リン、鏡音レン 2011/1/15
2%
仇返しシンドローム まふまふ IA 2012/12/5 投稿なし
2%
テレカクシ思春期 使徒(HoneyWorks) 鏡音レン 2013/10/26
2%
合い鳴き shr 鏡音リン、鏡音レン 2012/7/23 ×
2%
猛独が襲う 一二三 初音ミク 2017/6/13
2%
ライムライト 蜂屋ななし 初音ミク、Megpoid 2017/11/12
2%
おばけのウケねらい ピノキオピー 初音ミク 2018/1/30
2%
負け犬至上主義 150P IA 2013/3/16 投稿なし
2%
無限にホメてくれる桜乃そら先生 ココアシガレットP 桜乃そら 2018/12/28
2%
孤独ノ隠レンボ 150P IA 2012/5/12 投稿なし
2%
空っぽのメロディー うみくん 可不(CeVIO) 2021/12/10 ×
2%
シティライツ ぽわぽわP 鏡音リン 2013/1/21 ×
2%
従属ふりったー 電ポルP 初音ミク 2014/7/9 投稿なし
2%
茶番カプリシオ 悪ノP MEIKO、KAITO、初音ミク、鏡音リン、鏡音レン、巡音ルカ、がくっぽいど、Megpoid 2011/10/29 ×
2%
すーぱーぬこわーるど まふまふ IA、鏡音リン 2013/12/20 投稿なし
2%
閻魔さまのいうとおり ピノキオピー 初音ミク、ピノキオピー 2018/8/20
2%
あわよくばきみの眷属になりたいな Peg 鏡音リン 2019/3/21
2%
ケセラリズム ユリイ・カノン Megpoid 2018/6/27
2%
ピチカートドロップス とあ 初音ミク 2016/6/22
2%
サイコグラム DECO*27 初音ミク 2019/8/9
2%
シックシックシック ピノキオピー 初音ミク 2017/11/20
2%
蜘蛛糸モノポリー ささくれP 初音ミク 2013/4/16
2%
やりますねぇのうた*37 15m さとうささら(CeVIO) 2017/8/10 投稿なし
2%
cat's dance まらしぃ 初音ミク 2012/1/2 ×
2%
FLOWER TAIL yuukiss KAITO 2011/3/24 投稿なし
2%
「Ib」 Diarays IA 2012/9/21 ×
2%
Let Me Take You banvox banvox、初音ミク 2018/2/10 ×
2%
magician's operation EZFG 巡音ルカ 2012/5/17 ×
2%
Nostalogic (MEIKO-SAN mix) yuukiss MEIKO 2014/11/5 ×
2%
quiet room 有機酸 初音ミク 2017/8/30
2%
SCREAM 梅とら Megpoid 2017/1/9 ×
2%
shake it! emon(Tes.) 初音ミク、鏡音リン、鏡音レン 2012/4/21 ×
2%
Starduster ジミーサムP 初音ミク 2009/10/17 投稿なし
2%
StargazeR 骨盤P 初音ミク 2008/6/21 投稿なし
2%
チルノのすうがく教室 eiki` 初音ミク 2009/5/20 投稿なし
1%
無気力クーデター Last Note. Megpoid 2013/3/19 投稿なし
1%
朝焼け、君の唄。 ほえほえP 初音ミク 2009/2/17 投稿なし
1%
僕は空気が嫁ない cosMo(暴走P) Megpoid 2013/9/3 ×
1%
君を捜す空 ひとしずくP 鏡音レン 2009/2/25 ×
1%
おおかみは赤ずきんに恋をした ひとしずくP×やま△ 鏡音リン、鏡音レン 2012/8/4
1%
物をぱらぱら壊す きくお 初音ミク 2011/7/22
1%
バグ かいりきベア 鏡音レン、朝比奈まふゆ(CV.田辺留依)、宵崎奏(CV.楠木ともり)、東雲絵名(CV.鈴木みのり)、暁山瑞希(CV.佐藤日向) 2022/8/24
1%
背景、夏に溺れる ナブナ 初音ミク 2013/8/20 投稿なし
1%
エル・タンゴ・エゴイスタ nyanyannya KAITO、巡音ルカ 2017/1/9
1%
おすしのおしり asaha 東北イタコ、東北ずん子、東北きりたん(全てNEUTRINO) 2023/11/1 ×
1%
マリオネットシンドローム すこっぷ 初音ミク 2009/12/30 投稿なし
1%
サイノウサンプラー 電ポルP 初音ミク 2010/11/25 投稿なし
1%
この曲100万再生いかなかったら死にます! たまお 初音ミク 2017/12/31 ×
1%
ボーカロイドたちが2コードくり返してテッテーテレッテーとか叫ぶだけ ココアシガレットP 初音ミク、鏡音リン、鏡音レン、 2017/4/28
1%
怪盗Fの台本~消えたダイヤの謎~ ひとしずくP×やま△ 初音ミク、Megpoid、IA、KAITO、 2013/11/5
1%
ggrks-ググれカス- あー民P 巡音ルカ、がくっぽいど 2009/2/8 投稿なし
1%
krank 有機酸 初音ミク 2017/3/17
1%
moonlit bear 悪ノP 初音ミク、KAITO 2009/6/22 投稿なし
1%
影光SPECTRUM FB777(M.S.S Project) 初音ミク 2017/2/4 ×
1%
UNDER CONSTRUCTION けんまP 初音ミク 2015/4/19 ×
1%
Unfragment 鼻そうめんP 初音ミク 2009/12/26 ×
1%
ろりこんでよかった~ Takebo3 初音ミク 2012/3/10 投稿なし
0%
1月6日 ぼーかりおどP 初音ミク 2009/5/7 ×
0%
いつだってHappyDay! バカッパの証-アカシ- 初音ミク 2016/11/17 ×
0%
MIRA*72 Kanaria 小春六花(Synthesizer V) 2021/3/12
0%
No matching quizzes found
Score Distribution
Percent of People with Each Score
Percentile by Number Answered
Your Score History
You have not taken this quiz since the last reset